<?xml version="1.0" encoding="UTF-8"?>
<record
    xmlns:xsi="http://www.w3.org/2001/XMLSchema-instance"
    xsi:schemaLocation="http://www.loc.gov/MARC21/slim http://www.loc.gov/standards/marcxml/schema/MARC21slim.xsd"
    xmlns="http://www.loc.gov/MARC21/slim">

  <leader>00632nam a2200169Ia 4500</leader>
  <controlfield tag="008">240514t2024||||xx |||||||||||||| ||spa||</controlfield>
  <datafield tag="110" ind1=" " ind2=" ">
    <subfield code="a">Revista Ambientes</subfield>
  </datafield>
  <datafield tag="119" ind1=" " ind2=" ">
    <subfield code="b">Arquitectura de Interiores</subfield>
    <subfield code="c">Teor&#xED;a de la Arquitectura</subfield>
  </datafield>
  <datafield tag="245" ind1=" " ind2="0">
    <subfield code="a">Mujeres que nos inspiran en el dise&#xF1;o, la arquitectura e interiorismo en M&#xE9;xico</subfield>
  </datafield>
  <datafield tag="260" ind1=" " ind2=" ">
    <subfield code="b">Revista Ambientes</subfield>
    <subfield code="c">2024</subfield>
  </datafield>
  <datafield tag="538" ind1=" " ind2=" ">
    <subfield code="a">Acceso v&#xED;a web</subfield>
  </datafield>
  <datafield tag="540" ind1=" " ind2=" ">
    <subfield code="f">Acceso abierto</subfield>
  </datafield>
  <datafield tag="650" ind1=" " ind2=" ">
    <subfield code="a">Mujeres</subfield>
  </datafield>
  <datafield tag="650" ind1="1" ind2="4">
    <subfield code="a">Historia</subfield>
  </datafield>
  <datafield tag="650" ind1="1" ind2="5">
    <subfield code="a">Arquitectura interiorista</subfield>
  </datafield>
  <datafield tag="856" ind1=" " ind2=" ">
    <subfield code="u">https://revistaambientes.com/mujeres-que-nos-inspiran-en-el-diseno-la-arquitectura-e-interiorismo-en-mexico/</subfield>
  </datafield>
  <datafield tag="952" ind1=" " ind2=" ">
    <subfield code="0">0</subfield>
    <subfield code="1">0</subfield>
    <subfield code="4">0</subfield>
    <subfield code="7">0</subfield>
    <subfield code="8">AAB</subfield>
    <subfield code="9">332204</subfield>
    <subfield code="a">BD-UIN</subfield>
    <subfield code="b">BD-UIN</subfield>
    <subfield code="d">2024-05-17</subfield>
    <subfield code="l">0</subfield>
    <subfield code="r">2024-05-17</subfield>
    <subfield code="w">2024-05-17</subfield>
    <subfield code="y">RAA</subfield>
  </datafield>
  <datafield tag="999" ind1=" " ind2=" ">
    <subfield code="c">174190</subfield>
    <subfield code="d">174190</subfield>
  </datafield>
</record>
